CORPORATE ENTREPRENEURSHIP AND INNOVATIO (Record no. 30925)

MARC details
000 -LEADER
fixed length control field 00284nam a2200109Ia 4500
008 - FIXED-LENGTH DATA ELEMENTS--GENERAL INFORMATION
fixed length control field 240624s9999 xx 000 0 und d
041 ## - LANGUAGE CODE
Language code of text/sound track or separate title eng
100 ## - MAIN ENTRY--PERSONAL NAME
Personal name MORRIS MICHAEL H
245 ## - TITLE STATEMENT
Title CORPORATE ENTREPRENEURSHIP AND INNOVATIO
260 ## - PUBLICATION, DISTRIBUTION, ETC.
Place of publication, distribution, etc. Innovation
Name of publisher, distributor, etc. Cengage Learning
365 ## - TRADE PRICE
Currency code
Price amount 30
Holdings
Withdrawn status Lost status Damaged status Not for loan Home library Current library Shelving location Date acquired Cost, normal purchase price Total Checkouts Barcode Date last seen Copy number Price effective from Koha item type
        IMTN IMTN Rack 32-A 08/20/2018 591.00   30925 06/24/2024 72.1 06/24/2024 Books
Designed & Maintained by: LRC IMT Nagpur Contact: lrc@imtnag.ac.in© 2024. All Rights Reserved.